| 000 | 00864nam a22001817a 4500 | ||
|---|---|---|---|
| 999 |
_c63335 _d63335 |
||
| 005 | 20250918174201.0 | ||
| 008 | 250918s1971 gw ||||| |||| 00| 0 goh d | ||
| 041 | _agoh | ||
| 080 | _a81'374038)=112.2 D-45 | ||
| 245 |
_aDer Grosse Duden : _bWörterbuch und Leitfaden der deutschen Rechtschreibung : Mit einem Anhang, Vorschriften für den Schriftsatz, Korrekturvorschriften und Hinweise für das Maschinenschreiben. 16 Auflage. _cEdit. Horst Klient. |
||
| 264 |
_aLeipzig : _b VEB Bibliographisches Institut, _c1971. |
||
| 300 |
_a732 p.; _b22 cm. |
||
| 653 | _aგერმანული ენა -- ლექსიკონები | ||
| 653 | _aგერმანული ენა -- ფონეტიკა | ||
| 653 | _aმართლწერა | ||
| 700 |
_aKlient, Horst _eრედაქტორი _925839 |
||
| 942 |
_2udc _cᲬᲘᲒᲜᲘ |
||